| 000 | 00000nam 2200000za 4500 |
| 001 | 9.572997 |
| 003 | CaOODSP |
| 005 | 20221107134028 |
| 007 | cr ||||||||||| |
| 008 | 150406s1999 onc|||||o f00| 0 eng d |
| 040 | |aCaOODSP|beng |
| 043 | |an-cn--- |
| 086 | 1 |aM22-132/13-1999E-PDF |
| 110 | 1 |aCanada. |bNatural Resources Canada. |
| 245 | 10|aSinks Table options paper |h[electronic resource] : |bland-use, land-use change and forestry in Canada and the Kyoto Protocol |
| 260 | |aOttawa : |bThe Table,|c1999. |
| 300 | |a169p.|bfigs. (some coloured), graphs, references, tables |
| 500 | |a"National Climate Change Process", "September 23, 1999". |
| 590 | |a12-10-Supp|b2012-03-23 |
| 710 | 2 |aNational Climate Change Secretariat (Canada).|bSinks Table. |
| 775 | 08|tTable des puits, rapport sur les options |w(CaOODSP)9.603239 |
| 776 | 0#|tSinks / |w(CaOODSP)9.615177 |
| 856 | 40|ahttp://publications.gc.ca|qPDF|s947 KB|uhttps://publications.gc.ca/collections/Collection/M22-132-13-1999E.pdf |